000
00319nam a22001457a 4500
003
SGT
020
_a
9789386231710
082
_a
324.254
_b
B16S
100
_a
SINHA, R.K
245
_a
BELAG LAPET
260
_a
INDIA
_b
PRABHAT PRAKSHAN
_c
2016
300
_a
310
650
_a
INDIAN POLITICAL PARTIES
942
_2
ddc
_c
BK
999
_c
26261
_d
26261